The innovator's dilemma : (Record no. 17388)

000 -LEADER
fixed length control field 03231cam a2200241 i 4500
020 ## - INTERNATIONAL STANDARD BOOK NUMBER
ISBN 9781422196021 (hardcover : acidfree paper)
040 ## - CATALOGING SOURCE
Transcribing agency DLC
082 00 - DEWEY DECIMAL CLASSIFICATION NUMBER
Classification number 658 PRE 2000 A113 Or.
100 1# - MAIN ENTRY--AUTHOR NAME
Personal name Christensen, Clayton M.
245 14 - TITLE STATEMENT
Title The innovator's dilemma :
Remainder of title when new technologies cause great firms to fail /
300 ## - PHYSICAL DESCRIPTION
Number of Pages xxvii, 252 pages :
Other physical details illustrations ;
Dimensions 25 cm.
490 0# - SERIES STATEMENT
Series statement The management of innovation and change series
520 ## - SUMMARY, ETC.
Summary, etc "The bestselling classic on disruptive innovation, renowned author Clayton M. Christensen. His work is cited by the world's best-known thought leaders, from Steve Jobs to Malcolm Gladwell. In this classic bestseller-now updated with a fresh new package-innovation expert Clayton Christensen shows how even the most outstanding companies can do everything right-yet still lose market leadership. Read this international bestseller to avoid a similar fate. Clay Christensen-who authored the award-winning Harvard Business Review article "How Will You Measure Your Life?"-explains why most companies miss out on new waves of innovation. No matter the industry, he says a successful company with established products WILL get pushed aside unless managers know how and when to abandon traditional business practices. Offering both successes and failures from leading companies as a guide, The Innovator's Dilemma gives you a set of rules for capitalizing on the phenomenon of disruptive innovation. Sharp, cogent, provocative, and one of the most influential business books of all time-The Innovator's Dilemma is the book no manager or entrepreneur should be without. Add this newly released edition to your library. Published by Harvard Business Review Press"--
520 ## - SUMMARY, ETC.
Summary, etc "In this revolutionary bestseller, innovation expert Clayton M. Christensen says outstanding companies can do everything right and still lose their market leadership--or worse, disappear altogether. And not only does he prove what he says, but he tells others how to avoid a similar fate. Focusing on "disruptive technology," Christensen shows why most companies miss out on new waves of innovation. Whether in electronics or retailing, a successful company with established products will get pushed aside unless managers know when to abandon traditional business practices. Using the lessons of successes and failures from leading companies, The Innovator's Dilemma presents a set of rules for capitalizing on the phenomenon of disruptive innovation. Find out: When it is right not to listen to customers. When to invest in developing lower-performance products that promise lower margins. When to pursue small markets at the expense of seemingly larger and more lucrative ones. Sharp, cogent, and provocative, The Innovator's Dilemma is one of the most talked-about books of our time--and one no savvy manager or entrepreneur should be without"--
650 #0 - SUBJECT ADDED ENTRY--TOPICAL TERM
Topical Term Creative ability in business.
650 #0 - SUBJECT ADDED ENTRY--TOPICAL TERM
Topical Term Industrial management.
650 #0 - SUBJECT ADDED ENTRY--TOPICAL TERM
Topical Term Customer services.
650 #0 - SUBJECT ADDED ENTRY--TOPICAL TERM
Topical Term Success in business.
650 #7 - SUBJECT ADDED ENTRY--TOPICAL TERM
Topical Term BUSINESS & ECONOMICS / Decision-Making & Problem Solving.
650 #7 - SUBJECT ADDED ENTRY--TOPICAL TERM
Topical Term BUSINESS & ECONOMICS / Leadership.
650 #7 - SUBJECT ADDED ENTRY--TOPICAL TERM
Topical Term BUSINESS & ECONOMICS / Strategic Planning.
942 ## - ADDED ENTRY ELEMENTS (KOHA)
Koha item type សៀវភៅភាសាអង់គ្លេស
952 ## - LOCATION AND ITEM INFORMATION (KOHA)
Withdrawn status [LOCAL, KOHA] 0
952 ## - LOCATION AND ITEM INFORMATION (KOHA)
Withdrawn status [LOCAL, KOHA] 0
952 ## - LOCATION AND ITEM INFORMATION (KOHA)
Withdrawn status [LOCAL, KOHA] 0
952 ## - LOCATION AND ITEM INFORMATION (KOHA)
Withdrawn status [LOCAL, KOHA] 0
Holdings
Permanent Location Date acquired Koha item type Lost status Shelving location Barcode Current Location Full call number
Library Block A2018-11-19សៀវភៅភាសាអង់គ្លេស A113A37701Library Block A658 PRE 2000 A113 Or.
Library Block A2018-11-19សៀវភៅភាសាអង់គ្លេស A113A35969Library Block A658 PRE 2000 A113 Or.
Library Block A2018-12-04សៀវភៅភាសាអង់គ្លេស A116A37626Library Block A658 PRE 2000 A116 Or.
Library Block A2018-12-04សៀវភៅភាសាអង់គ្លេស A116A38150Library Block A658 PRE 2000 A113 Or.
មជ្ឈមណ្ឌលឯការនៃសាកលវិទ្យាល័យភូមិន្ទកសិកម្មចំការដូង

Powered by Koha